000 00356nam a2200145Ia 4500
008 191201s2004 xx 000 0 und d
082 _a621.31042
_bROF
100 _aROY, G K
245 0 _aFundamentals of Heat and Mass Transfer
250 _a5th
260 _aN.Delhi
_bKhanna Publisher
_c2004
300 _a520
650 _aB.Tech(ME)
942 _2ddc
_cBK
999 _c1824
_d1824